Представление документа в формате RUSMARC

ПолеНазваниеЗначение
  Тип записи a
  Библиографический уровень m
001 Контрольный номер e23f358fcb804ab09a3e9563ebda30c7
005 Дата корректировки 20140526192701.2
010 Индекс ISBN __
a ISBN 978-5-394-01485-7
101 Язык документа 0_
a Язык текста rus
102 Страна публикации __
a Страна публикации RU
200 Заглавие и сведения об ответственности 1_
a Заглавие Интернет-реклама
e Сведения, относящиеся к заглавию учеб. пособие
f Первые сведения об ответственности А. А. Годин , А. М. Годин, В. М. Комаров
205 Сведения об издании __
a Основные сведения об издании 2-е изд.
210 Выходные данные 1_
c Издательство Дашков и К
a Место издания Москва
d Дата издания 2012
215 Физическое описание __
a Объем 167, [1] с.
610 Ключевые слова 0_
a Ключевые слова интернет
610 Ключевые слова 0_
a Ключевые слова реклама
610 Ключевые слова 0_
a Ключевые слова торговля
610 Ключевые слова 0_
a Ключевые слова рекламная кампания
610 Ключевые слова 0_
a Ключевые слова брендинг
610 Ключевые слова 0_
a Ключевые слова теория сопряженных потребностей
610 Ключевые слова 0_
a Ключевые слова имидж
610 Ключевые слова 0_
a Ключевые слова россия
610 Ключевые слова 0_
a Ключевые слова зарубежные страны
610 Ключевые слова 0_
a Ключевые слова учебное пособие
686 Индексы других классификаций __
a Классификационный индекс 65.9(2)421-803.8
2 Код системы rubbk
686 Индексы других классификаций __
a Классификационный индекс 65.050.9(2)28я73
2 Код системы rubbk
700 Автор _1
a Фамилия Годин
b Имя А. А.
701 Альтернативная интеллектуальная ответственность _1
a Фамилия Годин
b Имя А. М.
701 Альтернативная интеллектуальная ответственность _1
a Фамилия Комаров
b Имя В. М.
801 Источник записи _0
a Страна RU
b Организация РУК
c Дата составления 20120817
g Правила каталогизации PSBO
801 Источник записи _1
a Страна RU
b Организация РУК
c Дата составления 20120817
g Правила каталогизации PSBO
852 Данные о местонахождении __
i Авторский знак Г 59
j Шифр хранения ББК 65.9(2)421
901 Тип документа __
t Тип документа m
938 Служебная информация __
a Название организации Головной вуз
b Имя БД BOOK
c Название АИБС АИБС ИРБИС
952 Тип литературы __
c Вид литературы учебное пособие